000
00331nam a2200145Ia 4500
008
150301s2013 xx 000 0 und d
082
_a
618.2
_b
O13D
100
_a
DUTTA, D.C.
245
_a
TB. OF OBSTETRICS
250
_a
7TH
260
_b
NCB AGE.
_a
INDIA
_c
2013
300
_a
688
650
_a
OBST. & GYNE
942
_2
ddc
_c
BK
_0
33
999
_c
6647
_d
6647